000 00387nam a2200145Ia 4500
008 230711s9999||||xx |||||||||||||| ||und||
041 _aENG
082 _a624
_bST-T
100 _aStevens James D
245 0 _aTechniques for construction network schedule
250 _a1st Ed.
260 _c1990
_aNew York
_bTata McGraw Hill Education Limited
650 _aCivil Engineering
942 _cBK
999 _c988
_d988